Wszyscy bramkarze realu madryt - Statystyki

Ogólne statystyki
  • Ten quiz został rozwiązany 106 razy
  • Średni wynik to 6 z 17
Statystyki odpowiedzi
Hint Odpowiedź % Poprawnych
bramkarz Thibaut Courtois
87%
bramkarz Kiko Casilla
80%
bramkarz Andriy Lunin
79%
bramkarz Iker Casillas
79%
bramkarz Keylor Navas
77%
bramkarz Jerzy Dudek
63%
bramkarz Diego Lopez
41%
bramkarz Alphonse Areola
29%
bramkarz Luca Zidane
26%
bramkarz Santiago Canizares
18%
bramkarz Antonio Adan
16%
bramkarz Bodo Illgner
8%
bramkarz Cesar Sanchez
8%
bramkarz Jordi Codina
5%
bramkarz Paco Buyo
5%
bramkarz Carlos Sánchez
3%
bramkarz Pedro Jaro
3%
Nie znaleziono quizów pasujących do podanych kryteriów
Rozkład punktacji
Procent ludzi z każdym wynikiem
Percentyl według liczby udzielonych odpowiedzi
Twoja historia wyników
Nie rozwiązałeś tego quizu